000 00661nam a2200217 u 4500
005 20240210063607.0
008 130611s1993 ag r 000 0 spa d
020 _a9507242619
035 _aUPN01000191528
049 _aI
050 4 _aQL49
_bD6.4
100 1 _aDowswell, Paul
_933943
245 1 3 _aEl libro de los acertijos zoológicos /
_cPaul Dowswell ; il. Ian Jackson ; tr. Martha B. Larese Roja.
260 _aBuenos Aires :
_bLumen,
_c1993.
300 _a32 p :
_bil. col.
650 4 _aZOOLOGIA -
_vLITERATURA INFANTIL
_911352
650 4 _aPREGUNTAS Y RESPUESTAS
_95370
650 4 _aAdivinanzas
_9114
905 _aInfantil
999 _c163631
_d163631